Howard Stern Filmography - Statistics

General Stats
  • This quiz has been taken 10 times
    8 since last reset
  • The average score is 5 of 25
Answer Stats
Type Year Name % Correct
Film 1997 Private Parts
100%
TV Show 1994-2005 Howard Stern
75%
Radio Show 1975-Present The Howard Stern Show
75%
TV Show 1987 The Howard Stern Show
75%
TV Show 1990-1992 The Howard Stern Show
75%
Home Video 1994 Howard Stern's New Year's Rotten Eve 1994
25%
Home Video 1992 Butt Bongo Fiesta
13%
Home Video 1989 Howard Stern's U.S. Open Sores
13%
TV Show 2012-2015 America's Got Talent
0%
TV Show 2013 Ask Howard with Rachel Fine
0%
TV Show 1987 Headbangers Ball
0%
TV Show 2011-2013 Howard Stern: Behind the Scenes Show
0%
TV Special 2014 Howard Stern Birthday Bash
0%
TV Show 2005-2013 Howard Stern on Demand
0%
TV Documentary 1993 Howard Stern on Tour
0%
Documentary 1997 Howard Stern: Shut Up and Listen
0%
Home Video 1988 Howard Stern's Negligeé and Underpants Party
0%
TV Special 2019 Howard Stern: The Interview
0%
Film 2012 I Spill Your Guts
0%
Music Video 1986 Let's Go Mets Go
0%
Film 2012 Men in Black 3
0%
Film 1986 Ryder, P.I.
0%
TV Show 1992-1993 The Howard Stern Interview
0%
TV Show 1998-2001 The Howard Stern Radio Show
0%
TV Show 1993 The Larry Sanders Show
0%
No matching quizzes found
Score Distribution
Percent of People with Each Score
Percentile by Number Answered
Your Score History
You have not taken this quiz since the last reset